College Quizbowl Stats
College Quizbowl Stats
Circuits
Seasons
Sets
Records
Detailed Stats
About
Loading...
2023 Penn Bowl @ Waterloo
Tossups
Bonuses
Players
Teams
Categories (Tossup)
Categories (Bonus)
Ben Whismath
Toronto J
Categories
Category
Powers
Gets
Negs
BBs
Points
Earliest Buzz
Avg. Buzz
First Buzzes
Top 3 Buzzes
Fine Arts - Visual Fine Arts
0
1
0
1
10
130
130.00
1
1
Literature - British Literature
0
1
0
0
10
99
99.00
0
1
Philosophy
0
1
0
1
10
133
133.00
0
1
Religion
0
0
1
0
-5
0.00
0
0
Buzzes
Category
Answer
Value
Buzz Position
Religion
Salafi
-5
65
Literature - British Literature
the Pearl Poet
10
99
Fine Arts - Visual Fine Arts
equestrian statues
10
130
Philosophy
logic
10
133
Previous
1
Next